000 00859 a2200253 4500
020 _a0852974590
020 _a9780852974599
090 _c193
_d193
100 1 _aCoyle, Brian.
245 1 0 _aCapital structuring /
_cBrian Coyle.
250 _aRev Ed ed.
260 _a[S.l.] :
_bFinancial World Publishing,
_c2004.
300 _a126 p. ;
_c24 cm.
490 1 _aRisk management series: corporate finance.
500 _aImport.
500 _aHardcover.
650 4 _aCorporate finance.
650 4 _aRisk assessment & analysis for business.
650 4 _aEconomics.
830 0 _aRisk management series: corporate finance.
856 4 0 _3Amazon.com
_uhttp://www.amazon.com/exec/obidos/ASIN/0852974590/chopaconline-20
856 4 0 _3Amazon customer reviews
_uhttp://www.chopac.org/cgi-bin/tools/azrev.pl?q=0852974590
942 _aNBS
_cBK
_k658.15 COY
999 _c342767
_d342767